Every 2025 Album / Ep I've Listened To - Statistics

General Stats
  • This quiz has been taken 15 times
  • The average score is 22 of 155
Answer Stats
Artist Answers % Correct
the weeknd hurry up tomorrow
69%
taylor swift the life of a showgirl
69%
mac miller balloonerism
62%
tyler, the creator don't tap the glass
62%
clipse let God sort em out
62%
sabrina carpenter man's best friend
62%
lady gaga mayhem
62%
addison rae addison
54%
fka twigs eusexua
54%
geese getting killed
54%
little simz lotus
54%
bon iver sable, fable
54%
laufey a matter of time
46%
tame impala deadbeat
46%
blood orange essex honey
46%
ninajirachi i love my computer
46%
rosalía lux
46%
mckinley dixon magic, alive!
46%
pinkpantheress fancy that
38%
kali uchis sincerely,
38%
danny brown stardust
38%
quadeca vanisher, horizon scraper
38%
viagra boys viagr aboys
38%
hayley williams ego death at a bachelorette party
31%
black country, new road forever howlong
31%
alex g headlights
31%
sombr i barely know her
31%
huntr/x kpop demon hunters (soundtrack)
31%
jane remover revengeseekerz
31%
miley cyrus something beautiful
31%
daniel caesar son of spergy
31%
olivia dean the art of loving
31%
conan gray wishbone
31%
twenty one pilots breach
23%
natalia lafourcade cancionera
23%
john michel egotrip
23%
mac demarco guitar
23%
joey valence & brae hyperyouth
23%
not for radio melt
23%
zara larsson midnight sun
23%
maruja pain to power
23%
deftones private music
23%
car seat headrest the scholars
23%
ethel cain willoughby tucker, i'll always love you
23%
dijon baby
15%
givēon beloved
15%
reneé rapp bite me
15%
kevin abstract blush
15%
sufjan stevens carrie & lowell (10th anniversary edition)
15%
squid cowards
15%
mon laferte femme fatale
15%
japanese breakfast for melancholy brunettes (& sad women)
15%
venturing ghostholding
15%
perfume genius glory
15%
demi lovato it's not that deep
15%
racing mount pleasant racing mount pleasant
15%
jade that's showbiz baby!
15%
sudan archives the bpm
15%
rochelle jordan through the wall
15%
oneohtrix point never tranquilizer
15%
asian glow 11100011
8%
after after ep
8%
after after ep 2
8%
smerz big city life
8%
forrest frank child of God ii
8%
carly rae jepsen emotion (10th anniversary edition)
8%
ariana grande eternal sunshine deluxe: brighter days ahead
8%
lucy dacus forever is a feeling
8%
the last dinner party from the pyre
8%
panchiko ginkgo
8%
loyle carner hopefully !
8%
kelela in the blue light
8%
kmoe k1
8%
milo b la vida era más corta
8%
erika de casier lifetime
8%
ichiko aoba luminescent creatures
8%
the black keys no rain, no flowers
8%
dodie not for lack of trying
8%
sam fender people watching
8%
balu brigada portal
8%
panda bear sinister grift
8%
wolf alice the clearing
8%
nourished by time the passionate ones
8%
navy blue the sword & the soaring
8%
silvana estrada vendrán suaves lluvias
8%
d4vd withered
8%
iu [a flower bookmark 3]
0%
wilder adkins all throughout the day
0%
mei semones animaru
0%
denison witmer anything at all
0%
gingerbee apiary
0%
chen arcadia
0%
kings kaleidoscope asaph's arrows ii
0%
john van deusen as long as i am in the tent of this body i will make a joyful noise pt. 1
0%
grentperez backflips in a restaurant
0%
public enemy black sky over the projects: apartment 2025
0%
dove ellis blizzard
0%
rimera bushwa
0%
del water gap chasing the chimera
0%
hohnen ford christmas with hohnen ford
0%
no guidnce confessions of a loverboy
0%
candelabro deseo, carne y voluntad
0%
ben kessler disturbing
0%
billie marten dog eared
0%
hannah cohen earthstar mountain
0%
pool kids easier said than done
0%
echolalia echolalia
0%
men i trust equus asinus
0%
men i trust equus caballus
0%
baekhyun essence of reverie
0%
tamino every dawn's a mountain
0%
all time low everyone's talking!
0%
faouzia film noir
0%
yerin baek flash and core
0%
phùng khánh linh giua mot van nguoi
0%
aries glass jaw
0%
lowswimmer godspeed, fantasy
0%
gabriel jacoby gutta child
0%
titanic hagen
0%
mariah carey here for it all
0%
matt maltese hers
0%
royel otis hickey
0%
beloved hide & seek
0%
cat burns how to be human
0%
quickly, quickly i heard that noise
0%
hohnen ford incurable optimist
0%
liang lawrence it's a funny thing
0%
jon guerra Jesus
0%
ruel kicking my feet
0%
rachel chinouriri little house
0%
james berkeley lost boy, golden hour
0%
jojo ngl
0%
jonathan ogden night
0%
jerkcurb night fishing on a calm lake
0%
jerskin fendrix once upon a time... in shropshire
0%
orla rae orla
0%
ley soul panda
0%
great grandpa patience, moonbeam
0%
fujii kaze prema
0%
the divine comedy rainy sunday afternoon
0%
shelly shelly 2
0%
ichiko aoba single collection
0%
ten stunner
0%
john murphy superman (original motion picture soundtrack)
0%
dave the boy who played the heart
0%
adam melchor the diary of living
0%
the gospel coalition the gospel is
0%
lausse the cat the mocking stars
0%
pkyb there your heart will be also
0%
tenielle neda the way of love
0%
khamari to dry a tear
0%
beach bunny tunnel vision
0%
vgtbl.pl vegetables worldwide
0%
the budos band vii
0%
dispirited spirits winds wept
0%
No matching quizzes found
Score Distribution
Percent of People with Each Score
Percentile by Number Answered
Your Score History
You have not taken this quiz